000 00562nam a2200181Ia 4500
003 Ost
005 20260507075701.0
008 260507s9999||||xx |||||||||||||| ||und||
020 _a366227977
040 _cfsecg
041 _aara
100 _eمؤلف
245 0 _aتقرير الاتجاهات الاقتصادية الاستراتيجية /
260 _aالقاهرة:
_bمركز الدراسات السياسية و الاستراتيجية,
_c2004
300 _a345 صفحة؛
653 _aاقتصاد،استراتيجية
942 _cكتاب
999 _c45826
_d45826